000 00759cam a22002533a 4500
001 20943
003 PGUSA
005 20140828083439.0
008 070330s2007||||xxu|||||s|||||000 | eng d
040 _aPGUSA
_beng
042 _adc
050 4 _aPS
100 1 _aTwain, Mark,
_d1835-1910
245 1 0 _aMark Twain :
_bTri Ceteraj Noveloj
_h[electronic resource] /
_cMark Twain
260 _bProject Gutenberg,
_c2007
505 0 _aLa Amaventuro de la Eskimoa Fraŭlino -- Kanibalismo en la Vagonoj -- Bonŝanco
506 _aPublic domain in the USA.
516 _aElectronic text
653 _aShort stories
700 1 _aGrobe, Edwin,
_d1927-
830 0 _aProject Gutenberg
_v20943
856 4 0 _uhttp://www.gutenberg.org/ebooks/20943
942 _cEB
999 _c250198
_d250198